<?xml version="1.0" encoding="UTF-8"?>
<record
    xmlns:xsi="http://www.w3.org/2001/XMLSchema-instance"
    xsi:schemaLocation="http://www.loc.gov/MARC21/slim http://www.loc.gov/standards/marcxml/schema/MARC21slim.xsd"
    xmlns="http://www.loc.gov/MARC21/slim">

  <leader>03971nam a2200577Ia 4500</leader>
  <controlfield tag="001">4248</controlfield>
  <controlfield tag="008">241029s9999    xx            000 0 und d</controlfield>
  <datafield tag="010" ind1=" " ind2=" ">
    <subfield code="a">3994</subfield>
  </datafield>
  <datafield tag="041" ind1=" " ind2=" ">
    <subfield code="a">Espa&#xF1;ol</subfield>
  </datafield>
  <datafield tag="082" ind1=" " ind2=" ">
    <subfield code="a">MA. 2015-14</subfield>
  </datafield>
  <datafield tag="245" ind1=" " ind2="0">
    <subfield code="a">Nivel de Involucramiento de los Organismos de Participaci&#xF3;n en la Gesti&#xF3;n de los Centros Educativos P&#xFA;blicos del Nivel B&#xE1;sico, Osvaldo Pichardo, Ismael de los Santos y Ana Luisa Guti&#xE9;rrez de la Zona Oeste II del Distrito Educativo 08-05 de Santiago, A&#xF1;o 2013-2014 </subfield>
  </datafield>
  <datafield tag="260" ind1=" " ind2=" ">
    <subfield code="a">Santiago</subfield>
  </datafield>
  <datafield tag="300" ind1=" " ind2=" ">
    <subfield code="a">127</subfield>
  </datafield>
  <datafield tag="520" ind1=" " ind2=" ">
    <subfield code="a">5</subfield>
  </datafield>
  <datafield tag="630" ind1=" " ind2=" ">
    <subfield code="a">Actitudes</subfield>
  </datafield>
  <datafield tag="630" ind1=" " ind2=" ">
    <subfield code="a">Actores Educativos</subfield>
  </datafield>
  <datafield tag="630" ind1=" " ind2=" ">
    <subfield code="a">Asociaciones de Padres</subfield>
  </datafield>
  <datafield tag="630" ind1=" " ind2=" ">
    <subfield code="a">Calidad Educativa</subfield>
  </datafield>
  <datafield tag="630" ind1=" " ind2=" ">
    <subfield code="a">Directores de Centro</subfield>
  </datafield>
  <datafield tag="650" ind1=" " ind2=" ">
    <subfield code="a">Participaci&#xF3;n</subfield>
  </datafield>
  <datafield tag="690" ind1=" " ind2=" ">
    <subfield code="a">Copiado sin cambios</subfield>
  </datafield>
  <datafield tag="700" ind1=" " ind2=" ">
    <subfield code="e">asesor</subfield>
    <subfield code="a">Martinez , Margarita</subfield>
  </datafield>
  <datafield tag="700" ind1=" " ind2=" ">
    <subfield code="e">autor</subfield>
    <subfield code="a">G&#xE1;lvez de la Cruz, &#xC3;&#x81;ngela </subfield>
  </datafield>
  <datafield tag="700" ind1=" " ind2=" ">
    <subfield code="e">autor</subfield>
    <subfield code="a">S&#xE1;nchez Garc&#xED;a ,  Eusebia</subfield>
  </datafield>
  <datafield tag="901" ind1=" " ind2=" ">
    <subfield code="a">{"1":"G&#xE1;lvez de la Cruz","2":"S&#xE1;nchez Garc&#xED;a "}</subfield>
    <subfield code="b">{"1":"&#xC3;&#x81;ngela ","2":" Eusebia"}</subfield>
  </datafield>
  <datafield tag="902" ind1=" " ind2=" ">
    <subfield code="a">1</subfield>
  </datafield>
  <datafield tag="903" ind1=" " ind2=" ">
    <subfield code="a">{"1":"Martinez "}</subfield>
    <subfield code="b">{"1":"Margarita"}</subfield>
  </datafield>
  <datafield tag="904" ind1=" " ind2=" ">
    <subfield code="a">Mag&#xED;ster en</subfield>
  </datafield>
  <datafield tag="905" ind1=" " ind2=" ">
    <subfield code="a">Gesti&#xF3;n de Centros Educativos</subfield>
  </datafield>
  <datafield tag="906" ind1=" " ind2=" ">
    <subfield code="a">2</subfield>
  </datafield>
  <datafield tag="907" ind1=" " ind2=" ">
    <subfield code="a">NO APLICA</subfield>
  </datafield>
  <datafield tag="908" ind1=" " ind2=" ">
    <subfield code="a">NO APLICA</subfield>
  </datafield>
  <datafield tag="909" ind1=" " ind2=" ">
    <subfield code="a">ISFODOSU, Recinto Emilio Prud'Homme</subfield>
  </datafield>
  <datafield tag="910" ind1=" " ind2=" ">
    <subfield code="a">NULL</subfield>
    <subfield code="b">NULL</subfield>
  </datafield>
  <datafield tag="911" ind1=" " ind2=" ">
    <subfield code="a">["1"]</subfield>
  </datafield>
  <datafield tag="912" ind1=" " ind2=" ">
    <subfield code="a">NO APLICA</subfield>
  </datafield>
  <datafield tag="913" ind1=" " ind2=" ">
    <subfield code="a">NULL</subfield>
  </datafield>
  <datafield tag="914" ind1=" " ind2=" ">
    <subfield code="a">15 de Enero de 2015</subfield>
  </datafield>
  <datafield tag="915" ind1=" " ind2=" ">
    <subfield code="a">03/05/15 10:05</subfield>
  </datafield>
  <datafield tag="916" ind1=" " ind2=" ">
    <subfield code="a">NULL</subfield>
  </datafield>
  <datafield tag="917" ind1=" " ind2=" ">
    <subfield code="a">NULL</subfield>
  </datafield>
  <datafield tag="918" ind1=" " ind2=" ">
    <subfield code="a">NO APLICA</subfield>
  </datafield>
  <datafield tag="919" ind1=" " ind2=" ">
    <subfield code="a">["6","7","23","29","203"]</subfield>
  </datafield>
  <datafield tag="520" ind1=" " ind2=" ">
    <subfield code="a">El presente estudio tuvo como objetivo identificar los organismos de participaci&#xF3;n que est&#xE1;n conformados en los Centros Educativos &#xA0;Osvaldo Pichardo, Ismael de los Santos y Ana Luisa Guti&#xE9;rrez, as&#xED; como determinar el nivel de involuclamiento que tienen los miembros de los organismos &#xA0;de participaci&#xF3;n en su accionar; definir los beneficios que se obtienen al involucrar los organismos de participaci&#xF3;n en la gesti&#xF3;n de los centros educativos y describir el apoyo que reciben los organismos de participaci&#xF3;n del gestor del centro.&#xA0;En la investigaci&#xF3;n se utiliz&#xF3; un modelo metodol&#xF3;gico de tipo descriptivo y con el enfoque cuantitativo, seg&#xFA;n Hern&#xE1;ndez, Fern&#xE1;ndez y Baptista (2010), este es utilizado para la recolecci&#xF3;n de datos y probar teor&#xED;as realizando un conjunto de procesos secuenciales, probatorios y rigurosos, partiendo de ideas que planean objetivos y preguntas de investigaci&#xF3;n. &#xA0;El instrumento para recolectar datos de dicho estudio fueron &#xA0;dos cuestionarios aplicados a los&#xA0;organismos de participaci&#xF3;n que est&#xE1;n formados por los comit&#xE9; de cursos, asociaci&#xF3;n de padres, madres y amigo de la escuela, consejo de curso, equipo de gesti&#xF3;n, junta de centro, consejo estudiantil y a los directores en su totalidad 163 miembros.&#xA0;En los resultados se identific&#xF3; que los organismos de participaci&#xF3;n &#xA0;est&#xE1;n formados en un 100% en los centros educativos; mostrando un alto nivel de involucramiento en el cargo  que desempe&#xF1;an en t&#xE9;rminos consolidados, ya que el estudio arroj&#xF3; un 44.90% dice que se involucra siempre, 34.91% casi siempre, &#xA0;15.91% a veces &#xA0;y 5.31% nunca se involucran. Adem&#xE1;s los miembros de los organismos de participaci&#xF3;n no trabajan en el equipo, donde los resultados obtenidos &#xA0;muestran que 25.40% participan en la elaboraci&#xF3;n de proyectos participativo de aula. 31.57% en proyecto de aula &#xA0;19.58% en proyecto educativo de centro &#xA0;8.45% en proyecto operativo anual y 14.18% &#xA0;no participa en los proyectos.Las principales recomendaciones estuvieron dirigidas a los directores de centros educativos sujetos al&#xA0; estudio, para que motiven e implementen estrategias que involucren los organismos de participaci&#xF3;n para la obtenci&#xF3;n de mayor desempe&#xF1;o en la gesti&#xF3;n del centro educativo.</subfield>
  </datafield>
  <datafield tag="921" ind1=" " ind2=" ">
    <subfield code="a">11</subfield>
  </datafield>
  <datafield tag="922" ind1=" " ind2=" ">
    <subfield code="a">11</subfield>
  </datafield>
  <datafield tag="923" ind1=" " ind2=" ">
    <subfield code="a">0</subfield>
  </datafield>
  <datafield tag="924" ind1=" " ind2=" ">
    <subfield code="a">NO APLICA</subfield>
  </datafield>
  <datafield tag="942" ind1=" " ind2=" ">
    <subfield code="c">Tesis</subfield>
  </datafield>
  <datafield tag="999" ind1=" " ind2=" ">
    <subfield code="c">3994</subfield>
    <subfield code="d">3994</subfield>
  </datafield>
</record>
